| 000 | 00534nam a22001697a 4500 | ||
|---|---|---|---|
| 005 | 20241017101727.0 | ||
| 008 | 241011b |||||||| |||| 00| 0 eng d | ||
| 020 | _a9781307831238 | ||
| 082 | _aDC 658.5 Op28 2022 | ||
| 245 | _aOperations management with total quality management. | ||
| 260 |
_aPhilippines : _bMcGraw-Hill., _c©2022. |
||
| 300 |
_a435 pages : _billustrations ; _c27 cm. |
||
| 500 | _aIncludes references. | ||
| 650 | 0 |
_aProduction management. _923646 |
|
| 650 | 0 |
_aTotal quality management. _923656 |
|
| 942 |
_2ddc _cDC |
||
| 999 |
_c22481 _d22481 |
||